Civil services planner / (Record no. 38203)

MARC details
000 -LEADER
fixed length control field 00628nam a22001937a 4500
005 - DATE AND TIME OF LATEST TRANSACTION
control field 20100730112122.0
010 ## - LCCN (DPL NO)
LC control number ENG-97382
020 ## - INTERNATIONAL STANDARD BOOK NUMBER
International Standard Book Number 9788183571265
Terms of availability 140.00
035 ## - SYSTEM CONTROL NUMBER
System control number EN-80915
037 ## - SOURCE OF ACQUISITION
Source of stock number/acquisition DBAD/PUB
082 ## - DEWEY DECIMAL CLASSIFICATION NUMBER
Classification number 000
100 ## - MAIN ENTRY--PERSONAL NAME
Personal name Vivek Kumar Singh
245 ## - TITLE STATEMENT
Title Civil services planner /
Statement of responsibility, etc by Vivek Kumar singh
260 ## - PUBLICATION, DISTRIBUTION, ETC. (IMPRINT)
Place of publication, distribution, etc New Delhi
Name of publisher, distributor, etc Unique Publishers
Date of publication, distribution, etc 2010
270 ## - ADDRESS
Address M-51, Lajpat Nagar-II
City New Delhi
Postal code 110024
300 ## - PHYSICAL DESCRIPTION
Extent 236p.
Dimensions 20cm (pbk)
942 ## - ADDED ENTRY ELEMENTS (KOHA)
Source of classification or shelving scheme Dewey Decimal Classification
Item type English Books
Classification part 000
Call number suffix VIV
Holdings
Withdrawn status Lost status Not for loan Collection code Home library Current library Date acquired Source of acquisition Cost, normal purchase price Full call number Barcode Copy number Cost, replacement price Koha item type
    Not For Loan Non-fiction D.B.Act.Division D.B.Act.Division 30/07/2010 DBAD/PUB 140.00 000 VIV EN-80915 1 140.00 English Books

© Delhi Public Library
Hit Counter
free hit counter